[Event "Boyaca Region-ch qual"]
[Site "Duitama"]
[Date "2010.05.16"]
[Round "3.6"]
[White "Ruge Parada, Andres Felipe"]
[Black "Sierra, Edwin Andres"]
[Result "0-1"]
[WhiteElo "1517"]
[BlackElo "2136"]
[PlyCount "92"]
[EventDate "2010.05.15"]
[EventType "swiss"]
[EventRounds "6"]
[EventCountry "COL"]
[SourceTitle "EXT 2024"]
[Source "ChessBase"]
[SourceDate "2023.10.10"]
[SourceVersion "1"]
[SourceVersionDate "2023.10.10"]
[SourceQuality "1"]

1. e4 e5 2. Nf3 Nf6 3. Bc4 Nc6 4. Nc3 Nxe4 5. Nxe4 d5 6. Bd3 dxe4 7. Bxe4 Bd6 8. d3 f5 9. Bg5 Qd7 10. Bxc6 Qxc6 11. 0-0 0-0 12. d4 e4 13. Ne5 Qb5 14. Bf4 Be6 15. b3 Rad8 16. a4 Qe8 17. c4 h6 18. c5 Bxc5 19. Rc1 Bb6 20. Be3 f4 21. b4 fxe3 22. fxe3 c6 23. Rxf8+ Qxf8 24. Qf1 Qxf1+ 25. Rxf1 Kh7 26. g4 Rxd4 27. exd4 Bxd4+ 28. Kg2 Bxe5 29. h3 e3 30. Kf3 e2 31. Re1 Bc4 32. Ke4 Bc3 33. Rxe2 Bxe2 34. Ke3 Bc4 35. h4 Kg6 36. Kf4 Bd4 37. h5+ Kf6 38. Kf3 Bd3 39. g5+ Ke5 40. gxh6 gxh6 41. Kg3 Kf5 42. Kh4 Kf4 43. Kh3 Kf3 44. Kh4 Be5 45. Kh3 Bf5+ 46. Kh4 Bf6# 0-1